Library Banner

5 steps to detect and manage a heart attack (Record no. 43098)

MARC details
000 -LEADER
fixed length control field 00468nam a2200181Ia 4500
001 - CONTROL NUMBER
control field 45127
008 - FIXED-LENGTH DATA ELEMENTS--GENERAL INFORMATION
fixed length control field 140428s9999 xx 000 0 und d
020 ## - INTERNATIONAL STANDARD BOOK NUMBER
International Standard Book Number 9694944570
040 ## - CATALOGING SOURCE
Transcribing agency PK-LaUMT
082 ## - DEWEY DECIMAL CLASSIFICATION NUMBER
Classification number 613
Item number ARO-F
100 ## - MAIN ENTRY--PERSONAL NAME
Personal name Arora, Anjali
245 ## - TITLE STATEMENT
Title 5 steps to detect and manage a heart attack
Statement of responsibility, etc Arora, Anjali
260 ## - PUBLICATION, DISTRIBUTION, ETC. (IMPRINT)
Place of publication, distribution, etc Karachi,Pakistan:
Name of publisher, distributor, etc Paramount Publishing Enterprise,
Date of publication, distribution, etc 2007
300 ## - PHYSICAL DESCRIPTION
Extent 64 p.
546 ## - LANGUAGE NOTE
Language note EN
650 ## - SUBJECT ADDED ENTRY--TOPICAL TERM
Topical term or geographic name as entry element Health
942 ## - ADDED ENTRY ELEMENTS (KOHA)
Koha item type Books
Holdings
Withdrawn status Lost status Damaged status Not for loan Home library Current library Date acquired Total Checkouts Full call number Barcode Date last seen Date checked out Price effective from Koha item type
        UMT Main Campus UMT Main Campus 2014-04-28 6 613 ARO-F 48763 2025-01-13 2024-03-16 2014-05-06 Books